Revealing architectural design : (Record no. 19220)

MARC details
000 -LEADER
fixed length control field 04080cam a2200313 a 4500
001 - CONTROL NUMBER
control field 17805384
005 - DATE AND TIME OF LATEST TRANSACTION
control field 20150504131002.0
008 - FIXED-LENGTH DATA ELEMENTS--GENERAL INFORMATION
fixed length control field 130709s2014 enkab frb 001 0 eng d
020 ## - INTERNATIONAL STANDARD BOOK NUMBER
International Standard Book Number 9780415639019 (hardback)
020 ## - INTERNATIONAL STANDARD BOOK NUMBER
International Standard Book Number 9780415639026 (pb)
020 ## - INTERNATIONAL STANDARD BOOK NUMBER
Cancelled/invalid ISBN 9781315852454 (ebook)
040 ## - CATALOGING SOURCE
Original cataloging agency DLC
Transcribing agency DLC
Modifying agency DLC
-- EG-ScBUE
082 00 - DEWEY DECIMAL CLASSIFICATION NUMBER
Classification number 729
Edition number 22
Item number PLO
100 1# - MAIN ENTRY--PERSONAL NAME
Personal name Plowright, Philip D.
9 (RLIN) 37722
245 10 - TITLE STATEMENT
Title Revealing architectural design :
Remainder of title methods, frameworks and tools /
Statement of responsibility, etc Philip D. Plowright.
250 ## - EDITION STATEMENT
Edition statement 1st ed.
260 ## - PUBLICATION, DISTRIBUTION, ETC. (IMPRINT)
Place of publication, distribution, etc Oxon ;
-- New York :
Name of publisher, distributor, etc Routledge,
Date of publication, distribution, etc 2014.
300 ## - PHYSICAL DESCRIPTION
Extent xiv, 338 p. :
Other physical details ill. (col.) ;
Dimensions 26 cm.
500 ## - GENERAL NOTE
General note Index : p. 331-338.
504 ## - BIBLIOGRAPHY, ETC. NOTE
Bibliography, etc Bibliography : p. 316-330.
520 ## - SUMMARY, ETC.
Summary, etc " how do you use methods to create unique outcomes in the architectural design process? how do you set up methods that have a high degree of success based on your intentions? how do you develop and apply conceptual tools to assist in the design process?how do you use methods to satisfy the cultural needs of innovation and usability?how do you make an architectural design inherently defensible?All of these questions and more are answered by examining the architectural design process from the point of view of knowledge domains, domain syntax, coherence, framing, thinking styles, decision-making and testing. Using straightforward language, the book connects general design thinking to underlying frameworks that are used in the architectural design process.The book provides historical grounding as well as clear examples of real design outcomes. It includes diagrams and explanations to make that content accessible. The frameworks and their methods are described by what they can accomplish, what biases they introduce and the use of their final outcomes.Revealing Architectural Design will be useful to anyone interested in increasing the quality of their architectural design proposals through understanding the conceptual tools used to achieve that process. While it is intended for undergraduate and graduate students of architectural design, it will also be useful for experienced architectural practitioners. For the non-architect, this book opens a window into the priorities of a discipline seldom presented with such transparency"--
520 ## - SUMMARY, ETC.
Summary, etc "- how do you use methods to create unique outcomes in the architectural design process? - how do you set up methods that have a high degree of success based on your intentions? - how do you develop and apply conceptual tools to assist in the design process? - how do you use methods to satisfy the cultural needs of innovation and usability? - how do you make an architectural design inherently defensible? All of these questions and more are answered by examining the architectural design process from the point of view of knowledge domains, domain syntax, coherence, framing, thinking styles, decision-making and testing. Using straightforward language, the book connects general design thinking to underlying frameworks that are used in the architectural design process. The book provides historical grounding as well as clear examples of real design outcomes. It includes diagrams and explanations to make that content accessible. The frameworks and their methods are described by what they can accomplish, what biases they introduce and the use of their final outcomes. Revealing Architectural Design will be useful to anyone interested in increasing the quality of their architectural design proposals through understanding the conceptual tools used to achieve that process. While it is intended for undergraduate and graduate students of architectural design, it will also be useful for experienced architectural practitioners. For the non-architect, this book opens a window into the priorities of a discipline seldom presented with such transparency"--
650 #7 - SUBJECT ADDED ENTRY--TOPICAL TERM
Topical term or geographic name as entry element Architectural design
General subdivision Methodology.
Source of heading or term BUEsh
9 (RLIN) 37723
650 #7 - SUBJECT ADDED ENTRY--TOPICAL TERM
Topical term or geographic name as entry element Design
General subdivision Methodology.
Source of heading or term BUEsh
9 (RLIN) 37724
651 ## - SUBJECT ADDED ENTRY--GEOGRAPHIC NAME
Source of heading or term BUEsh
653 ## - INDEX TERM--UNCONTROLLED
Resource For college Engineering, Architecture
Arrived date list April2015
655 ## - INDEX TERM--GENRE/FORM
Form subdivision
-- 34232
942 ## - ADDED ENTRY ELEMENTS (KOHA)
Source of classification or shelving scheme Dewey Decimal Classification
Call number prefix 729 PLO
Holdings
Withdrawn status Item status Source of classification or shelving scheme Damaged status Not for loan Vendor Home library Current library Shelving location Date acquired Source of acquisition Cost, normal purchase price Serial Enumeration / chronology Total Checkouts Total Renewals Full call number Barcode Checked out Date last seen Date last borrowed Cost, replacement price Koha item type
    Dewey Decimal Classification     ايمك Central Library Central Library Second Floor 27/04/2015   342.00 2447 1 4 729 PLO 000038075 06/04/2019 28/09/2016 28/09/2016 427.50 Book - Borrowing